Náklady právnickej osoby a ich dopad na daňové zaťaženie právnickej osoby diplomová práca

Gespeichert in:
Bibliographische Detailangaben
1. Verfasser: Horn, Tomáš
Körperschaft: Národohospodárska fakulta EU. Katedra financií
Weitere Verfasser: Kušnírová, Jana, 1977-
Format: Buch
Sprache:Slowakisch
Veröffentlicht: Bratislava 2019
Tags: Tag hinzufügen
Keine Tags, Fügen Sie das erste Tag hinzu!

MARC

LEADER 00000nbm a2200000 4500
001 0254909
005 20190724130840.8
041 0 |a slo 
044 |a SK 
245 1 0 |a Náklady právnickej osoby a ich dopad na daňové zaťaženie právnickej osoby  |b diplomová práca  |c Tomáš Horn ; školiteľ: Jana Kušnírová 
264 1 |a Bratislava  |c 2019 
300 |a 70 s. 
100 1 |a Horn, Tomáš 
700 1 |a Kušnírová, Jana, 1977- 
710 2 |a Národohospodárska fakulta EU. Katedra financií